000 00983cab a2200289 4500
001 ABS52494
008 090401t1995 xxu||||| |||| 00| 0 eng d
035 _a(Sirsi) u81835
041 _aeng
100 _aHolmes, R.
245 _aInsurance cover for damage to the environment
260 _c1995
350 _a0
490 _aEstates Gazette
_v(9513) 1 April 1995, 123-125(3)
520 _aChallenges the insurance industry`s exclusion of pollution damage from the cover it offers, but sees change ahead in the mould of American experience. Recommends surveyors to follow the insurance debate and prepare for changes in policy.
650 _aCONTAMINATED LAND
650 _aContamination
_96231
650 _aEXCLUSION CLAUSES
650 _aGRADUAL POLLUTION
650 _aINSURANCE COVER
650 _aPOLLUTION COSTS
650 _aREMEDIATION
690 _aENVIRONMENTAL AND LAND CONSULTANCY
700 _aBroughton, M.
942 _n0
948 _c04/03/1997
999 _c51604
_d51604